Quizzes
Events
Quiz Creation
Community
Videos
Private Events
Remove Ads
Sign In
Join for FREE
Feedback
Dark Mode
Quiz Categories
Sports
Geography
Music
Movies
Television
Just For Fun
Miscellaneous
History
Literature
Language
Science
Gaming
Entertainment
Religion
Holiday
For Kids
Quiz Lab
Recent
Popular Today
Quiz Kudos Today
Editor Picks
Curator Picks
Quizzes by...
Day
Popularity
Type
Ratings
Length
Year
Community
Subscriptions
Recent Discussions
Orange Saloon
Badges
Playlists
Quests
Create
Leaderboards
Showdown
Live 5
Trivia Bingo
Activity
Puzzle Library
Sporcle Events
Private Events
Virtual Trivia
Globe League
Become a Host
Pub Owners
SporcleCon
Opinionation
Our Games
Videos
Blog
Mobile Apps
Partnerships
Remove Ads and Go Orange
Feedback
Music
Pop Music
The Beatles
Song
Album
Lyrics
Bands
Singers
Artist
Clip
Rock
Rap
Classical
Billboard
Country Music
Kpop
Taylor Swift
Music
Pop Music
The Beatles
Song
Album
Lyrics
Bands
Singers
Artist
Clip
Rock
Rap
Classical
Billboard
Country Music
Kpop
Taylor Swift
Random Quiz
Search Sporcle
×
Quiz Lab
Quiz Lab
Music
Lyrics
Type in answers that appear in a list
Type in answers that appear in a list
Classic
Best Score? Go Orange.
The Schuyler Sisters Lyrics P.1 Stats
Can you name the lyrics to The Schuyler Sisters? Part 1
By
doc69
10m
295 Questions
1,807 Plays
1,807 Plays
1,807 Plays
Comments
Comments
Give Quiz Kudos
Give Quiz Kudos
-
- Ratings
hide this ad
Replay
Link that replays current quiz
Next Quiz
Link to next quiz in quiz playlist
You Got
0%
They Got
Avg Score
90%
Avg Friend Score
Upgrade to see
Score Distribution
Jump to the score distribution portion of the page
Score
0/295
Timer
10:00
0
Plays Today
% Correct
A
98.8%
A
98.8%
A
98.8%
A
98.8%
A
98.8%
A
98.8%
A
98.8%
The
98.4%
The
98.4%
The
98.4%
The
98.4%
The
98.4%
The
98.4%
The
98.4%
The
98.4%
The
98.4%
The
98.4%
The
98.4%
The
98.4%
I
98.4%
I
98.4%
I
98.4%
An
98%
Not
97.2%
Go
97.2%
Go
97.2%
Go
97.2%
Not
97.2%
In
97.1%
In
97.1%
In
97.1%
In
97.1%
In
97.1%
In
97.1%
In
97.1%
In
97.1%
In
97.1%
To
97%
To
97%
To
97%
To
97%
To
97%
To
97%
To
97%
To
97%
To
97%
To
97%
And
96.8%
And
96.8%
And
96.8%
Angelica,
96.7%
Eliza
96.7%
Angelica!
96.7%
Eliza!
96.7%
Angelica!
96.7%
Eliza!
96.7%
Angelica
96.7%
Angelica,
96.7%
Eliza,
96.7%
Peggy,
96.6%
Peggy!
96.6%
Peggy!
96.6%
Work,
96.1%
Work!
96.1%
Work,
96.1%
Work!
96.1%
Work,
96.1%
Work!
96.1%
Work!
96.1%
Work!
96.1%
Work,
96.1%
Work!
96.1%
Work!
96.1%
Work!
96.1%
Work!
96.1%
Work!
96.1%
Work!
96.1%
Work!
96.1%
Schuyler:
95.9%
Schuyler
95.9%
Daddy
95.8%
Daddy
95.8%
Daddy
95.8%
Daddy
95.8%
Know
95.7%
Know
95.7%
Know
95.7%
Look
95.6%
Look
95.6%
Look
95.6%
Look
95.6%
You
95.6%
You
95.6%
You
95.6%
You
95.6%
You
95.6%
You
95.6%
Downtown
95.3%
Downtown
95.3%
% Correct
It
95.1%
Does
95.1%
Sisters!
94.9%
Be
94.9%
Be
94.9%
But
94.9%
But
94.9%
But
94.9%
Like
94.8%
Like
94.8%
Like
94.8%
Said
94.7%
Said
94.7%
Said,
94.7%
He
94.5%
At
94.4%
At
94.4%
At
94.4%
At
94.4%
At
94.4%
Around
94.3%
Around
94.3%
Around,
94.3%
Around
94.3%
Your
94.2%
Your
94.2%
Your
94.2%
Me
93.9%
Me!
93.9%
Me,
93.9%
Me
93.9%
Me
93.9%
Me!
93.9%
Need
93.8%
By
93.7%
By
93.7%
Doesn't
93.6%
Free
93.4%
City
93.2%
City
93.2%
City
93.2%
That
93.1%
That
93.1%
Home
93.1%
You're
92.9%
I'm
92.9%
I'm
92.9%
I'm
92.9%
I'm
92.9%
I'm
92.9%
I'm
92.9%
Lookin'
92.8%
Lookin'
92.8%
Lookin'
92.8%
Lookin'
92.8%
Lookin'
92.8%
New
92.7%
New
92.7%
New
92.7%
For...
92.7%
For
92.7%
For
92.7%
For
92.7%
For
92.7%
For
92.7%
There's
92.6%
There's
92.5%
York
92.4%
York
92.4%
Revolution?
92.4%
Nothin'
92.1%
His
91.8%
So
91.7%
So
91.7%
So
91.7%
Rich
91.4%
Is
91.4%
Want
91.4%
Want
91.4%
Daughters,
91.3%
Man
91.1%
Poor
90.4%
Sundown
90.4%
Nothing
90.4%
More
90.4%
Mind
90.4%
Mind
90.4%
Mind
90.4%
Happening
90.3%
Than
90.2%
With
90%
Love
89.3%
What
89.2%
Watch
89.1%
Watch
89.1%
It's
89.1%
It's
89.1%
It's
89.1%
Slummin'
89%
% Correct
Slummin'
89%
Going
88.9%
Little
88.6%
Folks
88.6%
We're
88.5%
Loaded
88.3%
Take
87.7%
All
87.7%
Guys
87.6%
Philip
87.4%
Money
87.4%
Just
87.3%
Just
87.3%
Can
87.1%
Burr,
87.1%
Can
87.1%
Got
86.7%
Remind
86.6%
Smells
86.5%
Looking
86.3%
Perfume
86.2%
War
86.1%
Disgust
86.1%
They
85.8%
Daddy's
85.7%
Revolution's
85.6%
Common
85.4%
Common
85.4%
Trust
84.7%
Trust
84.7%
Summer
84.6%
Baby,
84.2%
On
84.2%
Air
83.9%
Pretty
83.8%
Fund,
83.7%
Square
83.4%
Thomas
83%
Funny
82.9%
Our
82.7%
People
82.7%
She's
82.3%
Who
82.3%
Ideas
82.1%
Excuse
82.1%
Wants
82%
Their
81.8%
Shore
81.8%
I've
81.6%
Reading
81.5%
Bad
81.2%
Bad
81.2%
Been
81.2%
Enough
81.2%
Enough
81.2%
Listen
81.1%
Them
80.9%
My
80.9%
Revelation
80.8%
Someone
80.6%
Someone
80.6%
Miss,
80.6%
Sense
79.9%
Violence
79.4%
Say
79.3%
Declaration:
79.3%
Up
79.2%
Into
79.2%
Fancy
79.2%
Insane
78.7%
Carriages
78.3%
Shouting
77.9%
Talk
77.7%
There'll
77.3%
Discussed
77.2%
Heels
76.8%
Give
76.6%
You've
76.5%
Men
76.5%
Paine
76.4%
Or
76.4%
Gawk
76.3%
Searchin'
76.1%
Students
75.9%
Pull
75.4%
Uh-oh,
75%
Intense
74.3%
Ideals?
74.3%
Ah,
73.9%
Why
73.2%
Sneak
72.7%
Urchin
71.2%
Rush
70.3%
Next
61.8%
Whooaaaaa!
46.9%
Whooaaaaa!
46.9%
Wooh!
25.3%
Quiz Playlist
Details
Report
Send in Message
Add To Playlist
Classic:
Type in answers that appear in a list
Last Updated: Mar 10, 2019
Quiz Scoreboard
CHALLENGE
Sign Up to Join the Scoreboard
Show All
Scores
Hide
Comments
May contain spoilers
Recently Published
Billboard Blitz: Fleetwood Mac
by CooCooCachoo
Music
15s
Presidents Visiting Landmarks
by Hejman
History
7m
An Introduction to Baseball
by treessimontrees
Sports
5m
More to Explore
Quiz From the Vault
Featured Blog Post
Where Did the Easter Bunny Come From?
hide this ad
You Might Also Like...
Tags
Lyrics Quiz
Alexander Hamilton
Hamilton
Sister
Today's Top Quizzes in Music
Browse Music
hide this ad
Today's Top Quizzes in Lyrics
Browse Lyrics
Top Contributed Quizzes in Music
1
Taylor Swift All Songs (2024)
2
Guess the Artist- 70s Songs
3
7-to-1: Billboard Hot 100 #1 Hits of 2010s
4
Sorting Albums and Songs
5
Taylor Swift Logic Puzzle
6
KPOP LOGIC QUIZ
7
One Thing in Common: Music
8
Guess the Taylor Swift song (Mystery Song)
9
2010s Album by Cover III
10
Guess The Taylor Swift Lyrics Song #1
Explore More
Trending Topics
Disney
Crossword
NBA
Marvel
Kpop
Harry Potter
Anime
Pokémon
WWE
Puzzle
The Office
Song
Soccer
NFL
Country
hide this ad
More By:
doc69
Quiz
Plays
Rating
Category
Featured
Created
Alexander Hamilton Lyrics P.1
4,689
5.00
Music
Jun 9, 2017
Satisfied Lyrics P.1
3,209
4.64
Music
Jun 13, 2017
Invisible 1-100 Then 100-1
2,943
3.50
Just For Fun
May 9, 2017
My Shot Lyrics P.1
2,389
4.86
Music
Jun 9, 2017
Alexander Hamilton Lyrics P.2
2,309
4.75
Music
Jun 9, 2017
Go to Creator's Profile
Score Distribution
Quiz Creator Spotlight
doc69
Follow
Send a Message
Quizzes Created
-
Created Quiz Play Count
-
More By This Creator
Popular Quizzes Today
1
Find the US States - No Outlines Minefield
2
Find the Countries of Europe - No Outlines Minefield
3
The Countries of the World
4
Find the US States
5
Risky Map Clicking: Biggest States A-Z
6
US States
7
Popular People in 1961
8
Movies - When Are They Set?
More Music Quizzes
K-Pop Boy Groups By 3 Songs (Audio Quiz)
Quiz Lab
Trending Quizzes
Risky Map Clicking: Least Populous States A-Z
1-10 Letter G Words
1-10 Letter F Words
Risky Map Clicking: Next State Alphabetically
Click the Washington State Counties! (Map)
Recently Updated
Leaping Animals
pecheneg
Reality TV Shows (A-Z)
bhenderson79
Rickey Henderson's Hall of Fame Teammates
pecheneg
Champions League XIs: Arsenal
pecheneg
Quick Pick: Celebrities in WWE's Hall of Fame
aduchscher
A-Z Keypad Blitz II
pecheneg
Multiple Oscar Actors
pecheneg
Mystery Phrase Blitz: Oscar 'Best Actors'
pecheneg
F. Scott Fitzgerald Novels
LTH
Pick 3 Villains
ddd62291
Trending Topics
Harry Potter
Disney
Anime
Marvel
NBA
Crossword
Kpop
The Office
WWE
Puzzle
Pokémon
Country
NFL
Soccer
Song
Your Account Isn't Verified!
In order to create a playlist on Sporcle, you need to verify the email address you used during registration. Go to your
Sporcle Settings
to finish the process.
Report this User
Report this user for behavior that violates our
Community Guidelines
.
Details:
Send Report
Go to the Sporcle.com Mobile Site →
Comments